000 00680nam a2200253Ia 4500
003 OSt
005 20220918193128.0
006 a|||||r|||| 00| 0
007 ta
008 220917b |||||||| |||| 00| 0 eng d
024 _a71,957
037 _cTextual
040 _aARTS
_cARTS
_beng
041 _2eng
_aeng
082 _aR4,15, L0
100 _aPalmer George Herbert
_980146
245 0 _aAltruism
_b Its nature and varieties
260 _aWestport
_bGreenwood Press
_c1970
300 _aviii,138p.
_ccm.
500 _aThis is 1970 reprint
650 _aETHICS
942 _hR4,15, L0
_cTEXL
_2CC
999 _c198011
_d198011